Lokalizačné právanie zahraničných investorov a ich vplyv na rozvoj regiónu (na príklade vybraného regiónu) diplomová práca

Gespeichert in:
Bibliographische Detailangaben
1. Verfasser: Vavreková, Marta
Körperschaft: Národohospodárska fakulta EU. Katedra verejnej správy a regionálneho rozvoja
Weitere Verfasser: Tvrdoň, Jozef
Format: Buch
Sprache:Slowakisch
Veröffentlicht: Bratislava 2008
Tags: Tag hinzufügen
Keine Tags, Fügen Sie das erste Tag hinzu!

MARC

LEADER 00000nam$a2200000$$$4500
001 0077604
005 20240201115454.5
041 0 |a slo 
044 |a SK 
245 1 0 |a Lokalizačné právanie zahraničných investorov a ich vplyv na rozvoj regiónu (na príklade vybraného regiónu)  |b diplomová práca  |c Marta Vavreková ; škol. Jozef Tvrdoň 
264 1 |a Bratislava  |c 2008 
300 |a 95 s. 
100 1 |a Vavreková, Marta 
700 1 |a Tvrdoň, Jozef 
710 2 |a Národohospodárska fakulta EU. Katedra verejnej správy a regionálneho rozvoja